000 00856nam a22002057a 4500
005 20240422150843.0
010 _aHIN-127423
020 _c200.00
_a9788188178950
035 _aHN-99769
037 _bDBAD
082 _a821
100 _aअग्रवाल,बलराम
_965007
245 _aराष्ट्रप्रेम के चुने हुए गीत जय हो/
_cबलराम अग्रवाल
260 _aदिल्ली
_bप्रखर प्रकाशन
_c2013
270 _a1/11486 ए सुभाषपार्क एक्सटेंशन नवीन शाहदरा
_bदिल्ली
_e110032
300 _a163पृ.
_c22 सेमी.(साजिल्द)
650 _aहिन्दी
_965008
700 _964809
942 _2ddc
_cHN
_h821
_mअग्रवा
999 _c202324
_d202324